000
00277nam a22001217a 4500
003
SGT
082
_a
615.836
_b
R12G
100
_a
GARDENHIRE, DOUGLAS
245
_a
RAUS RESPIRATORY CARE PHARMACOLOGY
260
_a
MISSOURI
_b
ELSEVIER
_c
2012
300
_a
449
942
_2
ddc
_c
BK
999
_c
14800
_d
14800